Projekty na podporu ochrany vôd v Gruzínsku

V rámci medzinárodnej rozvojovej pomoci SR pre krajiny Východného partnerstva, spolupracuje Výskumný ústav vodného hospodárstva na projektoch týkajúcich sa ochrany vôd v Gruzínsku. O aktivitách na projekte - Posilnenie procesu ochrany vôd cez kontrolu vypúšťania odpadových vôd a monitoringu rizikový...

Descripción completa

Guardado en:
Detalles Bibliográficos
Autor principal: Vranovská, Andrea
Otros Autores: Rončák, Peter
Formato: Capítulo de libro
Lenguaje:eslovaco
Materias:
Etiquetas: Agregar Etiqueta
Sin Etiquetas, Sea el primero en etiquetar este registro!

MARC

LEADER 00000naa a2200000 4500
001 0214531
005 20160331090903.1
041 0 |a slo 
044 |a SK 
245 1 0 |a Projekty na podporu ochrany vôd v Gruzínsku  |c Andrea Vranovská, Peter Rončák 
520 |a V rámci medzinárodnej rozvojovej pomoci SR pre krajiny Východného partnerstva, spolupracuje Výskumný ústav vodného hospodárstva na projektoch týkajúcich sa ochrany vôd v Gruzínsku. O aktivitách na projekte - Posilnenie procesu ochrany vôd cez kontrolu vypúšťania odpadových vôd a monitoringu rizikových vodných útvarov v Gruzínsku. 
610 2 0 |a pomoc rozvojová 
610 2 0 |a pomoc medzinárodná 
610 2 0 |a Slovensko 
610 2 0 |a ochrana vody 
610 2 0 |a Gruzínsko 
100 1 |a Vranovská, Andrea 
700 1 |a Rončák, Peter